Entendre et voir de l’opéra dans La Métamorphose de Kafka (notice n° 1605480)

détails MARC
000 -LEADER
fixed length control field 01601cam a2200193 4500500
005 - DATE AND TIME OF LATEST TRANSACTION
control field 20251228095053.0
041 ## - LANGUAGE CODE
Language code of text/sound track or separate title fre
042 ## - AUTHENTICATION CODE
Authentication code dc
100 10 - MAIN ENTRY--PERSONAL NAME
Personal name Levinas, Michaël
Relator term author
245 00 - TITLE STATEMENT
Title Entendre et voir de l’opéra dans La Métamorphose de Kafka
260 ## - PUBLICATION, DISTRIBUTION, ETC.
Date of publication, distribution, etc. 2018.<br/>
500 ## - GENERAL NOTE
General note 44
520 ## - SUMMARY, ETC.
Summary, etc. Le compositeur Michaël Levinas livre ici sa lecture de La Métamorphose de Kafka dont il a fait un opéra – créé à Lille en 2011 –, en centrant l’entretien sur le phénomène de la métamorphose de la voix et de son lien avec le timbre instrumental, le trouble identitaire du personnage de théâtre, ainsi que sur la structure temporelle et formelle de cet opéra.
520 ## - SUMMARY, ETC.
Summary, etc. Composer Michaël Levinas presents his reading of Kafka’s Metamorphosis, which he turned into an opera created in Lille in 2011. The interview is centered on the metamorphosis of the voice and its relation to the timbre of the instruments, on the character’s identity disorder, and on this opera’s formal and temporal structure.
520 ## - SUMMARY, ETC.
Summary, etc. O compositor Michaël Levinas oferece-nos aqui a sua leitura da Metamorfose de Kafka que transformou numa ópera criada em Lille em 2011. A entrevista centra-se sobre o fenómeno da metamorfose da voz na sua relação com o timbre instrumental, a perturbação identitária da personagem teatral e a estrutura temporal e formal desta ópera.
700 10 - ADDED ENTRY--PERSONAL NAME
Personal name Lévi, Florence
Relator term author
786 0# - DATA SOURCE ENTRY
Note Sigila | 42 | 2 | 2018-10-01 | p. 53-62 | 1286-1715
856 41 - ELECTRONIC LOCATION AND ACCESS
Uniform Resource Identifier <a href="https://shs.cairn.info/revue-sigila-2018-2-page-53?lang=fr&redirect-ssocas=7080">https://shs.cairn.info/revue-sigila-2018-2-page-53?lang=fr&redirect-ssocas=7080</a>

Pas d'exemplaire disponible.

PLUDOC

PLUDOC est la plateforme unique et centralisée de gestion des bibliothèques physiques et numériques de Guinée administré par le CEDUST. Elle est la plus grande base de données de ressources documentaires pour les Étudiants, Enseignants chercheurs et Chercheurs de Guinée.

Adresse

627 919 101/664 919 101

25 boulevard du commerce
Kaloum, Conakry, Guinée

Réseaux sociaux

Powered by Netsen Group @ 2025